[Event "36. Schacholympiade 2004"]
[Site "Calvia, Mallorca (Spanien)"]
[Date "2004.10.25"]
[Round "10"]
[White "Mietzner, Tina"]
[Black "Igla, Bella"]
[Result "0-1"]
[WhiteElo "2235"]
[BlackElo "2196"]
[PlyCount "80"]
[EventDate "2004.10.15"]

1. e4 d6 2. d4 g6 3. Nc3 Bg7 4. f4 Nf6 5. Nf3 c5 6. Bb5+ Bd7 7. Bxd7+ Nfxd7 8.
d5 O-O 9. O-O Na6 10. Kh1 Rb8 11. a4 Nc7 12. Qe1 e6 13. f5 exf5 14. exf5 Nf6
15. Bg5 h6 16. Bh4 Qd7 17. Qd2 Qxf5 18. Ng1 Qe5 19. Bxf6 Bxf6 20. Qxh6 Bg7 21.
Qh4 Rbe8 22. Rf3 Qh5 23. Qc4 Bxc3 24. Rxc3 Qxd5 25. Qg4 Kg7 26. Rd1 Qc6 27. b3
Nd5 28. Rf3 Ne3 29. Qf4 Nxd1 30. Qf6+ Kg8 31. Rh3 Nf2+ 32. Qxf2 Kg7 33. Qd2 Rh8
34. Rd3 Re6 35. Nf3 Rhe8 36. Qc3+ f6 37. h3 d5 38. Nh4 Re4 39. Nf3 d4 40. Qc4
Qd6 0-1

[Event "36. Schacholympiade 2004"]
[Site "Calvia, Mallorca (Spanien)"]
[Date "2004.10.25"]
[Round "10"]
[White "Lematschko, Tatjana"]
[Black "Ortiz, Nadya Karolina"]
[Result "1/2-1/2"]
[WhiteElo "2267"]
[BlackElo "2148"]
[PlyCount "104"]
[EventDate "2004.10.15"]

1. d4 Nf6 2. c4 g6 3. f3 Bg7 4. e4 d6 5. Nc3 O-O 6. Be3 e5 7. d5 c6 8. g4 a6 9.
h4 cxd5 10. Nxd5 Nxd5 11. Qxd5 Nc6 12. Qd2 Be6 13. Bd3 Rb8 14. h5 Qe7 15. Nh3
Nd4 16. Bxd4 exd4 17. hxg6 fxg6 18. Ng5 h6 19. Nxe6 Qxe6 20. Be2 g5 21. a4 b6
22. Qc2 Qe5 23. Rh3 a5 24. Ra3 Rfc8 25. Rb3 Rc5 26. Qd2 Qe6 27. Rb5 Rxb5 28.
axb5 Qe5 29. Bd3 Rf8 30. Kd1 Qe6 31. Qc2 Qe5 32. Kc1 Qf4+ 33. Kb1 Qe3 34. Qe2
Qxe2 35. Bxe2 Kf7 36. Rh1 Ke6 37. b3 Ke5 38. Kc2 Kf4 39. Kd3 Rf7 40. Ra1 Rb7
41. Ra2 Be5 42. Ra1 Bg7 43. Rg1 Be5 44. Bd1 Bg7 45. Ke2 Rc7 46. Kd3 Rb7 47. Rg2
Rc7 48. Be2 Ra7 49. Bd1 Rc7 50. Rg1 Ra7 51. Rg2 Rc7 52. Rg1 Ra7 1/2-1/2

[Event "36. Schacholympiade 2004"]
[Site "Calvia, Mallorca (Spanien)"]
[Date "2004.10.25"]
[Round "10"]
[White "Palao, Maricela"]
[Black "Hund, Barbara"]
[Result "0-1"]
[WhiteElo "2128"]
[BlackElo "2240"]
[PlyCount "100"]
[EventDate "2004.10.15"]

1. d4 Nf6 2. c4 e6 3. Nc3 Bb4 4. e3 O-O 5. Bd3 b6 6. Nge2 Bb7 7. f3 c5 8. a3
cxd4 9. exd4 Be7 10. O-O d5 11. b4 dxc4 12. Bxc4 Na6 13. Qd3 Nc7 14. Bb2 Ncd5
15. Ne4 a5 16. b5 Qd7 17. Rac1 Rac8 18. Rfd1 Rfd8 19. Qb3 Rc7 20. Nf2 Qe8 21.
Re1 Bd6 22. Nd3 Ne3 23. Ne5 Nxc4 24. Nxc4 Bd5 25. Nxd6 Bxb3 26. Nxe8 Nxe8 27.
Nf4 Rxc1 28. Rxc1 f6 29. Kf2 Kf7 30. Ne2 Ke7 31. Rc6 Rd6 32. Rc1 Kd7 33. Ke3
Rd5 34. Nc3 Rh5 35. h3 Nd6 36. Rb1 Bc2 37. Rc1 Nc4+ 38. Kf2 Bg6 39. Na4 Nxb2
40. Nxb2 Rxb5 41. Nc4 Bd3 42. Nd2 Rb2 43. Ke3 Ba6 44. Rc3 f5 45. g3 h6 46. h4
g5 47. hxg5 hxg5 48. f4 g4 49. Rc1 Ra2 50. Rc3 a4 {#} 0-1

[Event "36. Schacholympiade 2004"]
[Site "Calvia, Mallorca (Spanien)"]
[Date "2004.10.26"]
[Round "11"]
[Board "1"]
[White "Graf, Alexander"]
[Black "Tu, Hoang Thong"]
[Result "1-0"]
[WhiteElo "2646"]
[BlackElo "2499"]
[PlyCount "79"]
[EventDate "2004.10.15"]

1.d4 d5 2.c4 Nc6 3.Nc3 dxc4 4.e3 e5 5.d5 Nce7 6.Bxc4 Nf6 7.Nge2 a6 8.a3 Ng6
9.Ng3 Be7 10.O-O O-O 11.Ba2 Kh8 12.Qc2 Ne8 13.Bd2 Qd7 14.Rac1 Qg4 15.Nce2 Nh4
16.Bb1 Bf5 17.Qc4 Qxc4 18.Rxc4 Bxb1 19.Rxb1 Rd8 20.Bb4 Ng6 21.Nc3 f5 22.e4 fxe4
23.Ngxe4 b6 24.g3 h6 25.Rd1 Bxb4 26.Rxb4 Rf7 27.d6 Rfd7 28.Rc4 c5 29.Nd5 Rb7
30.b4 cxb4 31.Rxb4 b5 32.Nc5 Ra7 33.d7 Raxd7 34.Nxd7 Rxd7 35.Rbb1 Kg8 36.Nb4 Ra7
37.Rd8 Kf7 38.Rbd1 Ne7 39.R1d7 Rxd7 40.Rxd7 1-0

[Event "36. Schacholympiade 2004"]
[Site "Calvia, Mallorca (Spanien)"]
[Date "2004.10.26"]
[Round "11"]
[Board "2"]
[White "Dinh, Duc Trong"]
[Black "Lutz, Christopher"]
[Result "0-1"]
[WhiteElo "2392"]
[BlackElo "2596"]
[PlyCount "104"]
[EventDate "2004.10.15"]

1.g3 d5 2.Bg2 e5 3.d3 c6 4.Nf3 Bd6 5.e4 Nf6 6.Nbd2 O-O 7.O-O Re8 8.b3 a5 9.a3
Bg4 10.h3 Bh5 11.Bb2 Nbd7 12.Qe1 dxe4 13.dxe4 b5 14.Nh4 Qb6 15.Bf3 Bxf3 16.Nhxf3
a4 17.b4 c5 18.c3 Rac8 19.Qe2 g6 20.Rfe1 Bf8 21.Nf1 Qc6 22.Rad1 h5 23.Bc1 Nb6
24.Bg5 Nh7 25.Bc1 Bg7 26.Qd3 Nf6 27.Bg5 Nc4 28.Ra1 Nd7 29.N1d2 Ndb6 30.Nxc4 Nxc4
31.Qb1 Bf6 32.Be3 Be7 33.Ra2 Red8 34.h4 Rd7 35.Nd2 Nxe3 36.Rxe3 Rcd8 37.Qe1 Bf8
38.Nf1 Bh6 39.Rf3 Rd1 40.Qe2 cxb4 41.cxb4 Qc1 42.Kg2 Rxf1 43.Qxf1 Rd1 44.Qxd1
Qxd1 45.Rc3 Qe1 46.Rc5 Qxe4+ 47.f3 Qe1 48.Rxb5 Be3 49.Rxe5 Qg1+ 50.Kh3 Bf2
51.Rxf2 Qxf2 52.f4 Qf3 0-1

[Event "36. Schacholympiade 2004"]
[Site "Calvia, Mallorca (Spanien)"]
[Date "2004.10.26"]
[Round "11"]
[Board "3"]
[White "Kritz, Leonid"]
[Black "Bao, Quang"]
[Result "1/2-1/2"]
[WhiteElo "2543"]
[BlackElo "2376"]
[PlyCount "155"]
[EventDate "2004.10.15"]

1.e4 e5 2.Nf3 Nf6 3.d4 exd4 4.e5 Ne4 5.Qxd4 d5 6.exd6 Nxd6 7.Nc3 Nc6 8.Qf4 g6
9.Bd2 Bg7 10.O-O-O O-O 11.g4 Qf6 12.Qxf6 Bxf6 13.Nd5 Bd8 14.Rg1 Be6 15.Bf4 Bxd5
16.Rxd5 Bf6 17.Bxd6 Rfd8 18.Be5 Nxe5 19.Rxe5 Bxe5 20.Nxe5 Re8 21.Nf3 Re4 22.h3
Rd8 23.Bg2 Rf4 24.Rd1 Re8 25.Rd4 Rf6 26.Kd2 c5 27.Rd7 b6 28.g5 Rf5 29.Rxa7 Rd8+
30.Ke2 Re8+ 31.Kf1 Rd5 32.Kg1 Re2 33.b3 Rxc2 34.Bf1 Rc3 35.Kg2 Rf5 36.Be2 b5
37.Ra5 b4 38.h4 Kg7 39.Nh2 Rc2 40.Bf3 c4 41.Ra8 cxb3 42.Ng4 Rxa2 43.Rb8 h6
44.Nxh6 Rf4 45.Ng4 Rxg4+ 46.Bxg4 b2 47.Rxb4 Ra4 48.Rxa4 b1=Q 49.Rf4 Qc1 50.Rf6
Qd2 51.Bf3 Kg8 52.Kg3 Kg7 53.Kg2 Kg8 54.Kg3 Kg7 55.Rf4 Qd3 56.Kg2 Qd2 57.Re4 Qd5
58.Rg4 Qf5 59.Be2 Qd5+ 60.Bf3 Qf5 61.Rg3 f6 62.Rg4 Kf7 63.gxf6 Kxf6 64.Kg3 Qe5+
65.Kg2 Qf5 66.Rc4 Kg7 67.Rd4 Kh6 68.Re4 Kg7 69.Kg3 Kh6 70.Bg2 Qc5 71.f4 Qg1
72.Re7 Qc1 73.Re5 Qg1 74.Re2 Qd1 75.Rf2 Qe1 76.Bf3 Qg1+ 77.Rg2 Qe1+ 78.Rf2 
1/2-1/2

[Event "36. Schacholympiade 2004"]
[Site "Calvia, Mallorca (Spanien)"]
[Date "2004.10.26"]
[Round "11"]
[Board "4"]
[White "Nguyen, Van Huy"]
[Black "Bischoff, Klaus"]
[Result "1/2-1/2"]
[WhiteElo "2325"]
[BlackElo "2559"]
[PlyCount "68"]
[EventDate "2004.10.15"]

1.e4 c5 2.Nf3 e6 3.d4 cxd4 4.Nxd4 a6 5.Nc3 Qc7 6.Be2 b5 7.O-O Bb7 8.Bf3 d6 9.Re1
Nd7 10.a4 bxa4 11.g3 Be7 12.Nxa4 Ngf6 13.b3 O-O 14.Bb2 g6 15.c4 Rab8 16.Bc3 Ba8
17.Rb1 Rfe8 18.Nc2 Bf8 19.Bg2 Qc8 20.Qd2 Bc6 21.Nb4 Bxa4 22.bxa4 a5 23.Nd3 Rxb1
24.Rxb1 Qxc4 25.Nb2 Qa2 26.Re1 Rb8 27.Bf1 d5 28.Bb5 Ba3 29.Nc4 Qxd2 30.Nxd2 dxe4
31.Bxa5 Ra8 32.Bc3 Rc8 33.Bxf6 Nxf6 34.Nxe4 Nxe4 1/2-1/2

[Event "36. Schacholympiade 2004"]
[Site "Calvia, Mallorca (Spanien)"]
[Date "2004.10.26"]
[Round "11"]
[Board "1"]
[White "Korchnoi, Viktor"]
[Black "Akopian, Vladimir"]
[Result "1/2-1/2"]
[WhiteElo "2601"]
[BlackElo "2692"]
[PlyCount "65"]
[EventDate "2004.10.15"]

1.d4 d5 2.c4 c6 3.Nf3 Nf6 4.e3 e6 5.Bd3 dxc4 6.Bxc4 Nbd7 7.O-O Bd6 8.Nc3 O-O
9.e4 e5 10.Bg5 Qe7 11.d5 Rd8 12.Re1 h6 13.Bh4 Nf8 14.Bg3 Ng6 15.Nh4 Nxh4 16.Bxh4
Bc5 17.Qd2 g5 18.Bg3 Nh5 19.Kh1 Kh7 20.a3 Nf4 21.f3 Kg7 22.Rad1 b5 23.Ba2 Bb7
24.Bf2 a5 25.g3 Ng6 26.Bxc5 Qxc5 27.Rc1 Qe7 28.Qe3 b4 29.dxc6 Bxc6 30.Nd5 Bxd5
31.Bxd5 Rac8 32.Kg2 bxa3 33.bxa3 1/2-1/2

[Event "36. Schacholympiade 2004"]
[Site "Calvia, Mallorca (Spanien)"]
[Date "2004.10.26"]
[Round "11"]
[Board "1"]
[White "Maric, Alisa"]
[Black "Paehtz, Elisabeth"]
[Result "1-0"]
[WhiteElo "2418"]
[BlackElo "2398"]
[PlyCount "98"]
[EventDate "2004.10.15"]

1.d4 e6 2.Nf3 c5 3.e3 b6 4.c4 Nf6 5.Nc3 cxd4 6.exd4 d6 7.Bd3 Bb7 8.d5 e5 9.O-O
Nbd7 10.Nd2 Be7 11.Rb1 O-O 12.b4 g6 13.Be2 Ne8 14.Nb3 Rc8 15.Be3 Ba6 16.Nd2 Bb7
17.a4 f5 18.f3 Bg5 19.Bf2 Qe7 20.Nb3 Ba6 21.Nb5 Bxb5 22.axb5 h5 23.Ra1 Rc7 24.c5
dxc5 25.bxc5 bxc5 26.Ra6 Rf6 27.Rc6 Kh7 28.Qc2 e4 29.fxe4 fxe4 30.Ra1 Bf4 31.g3
e3 32.Be1 Bd6 33.Bxh5 Ne5 34.Rxc7 Nxc7 35.Be2 Qf7 36.Nxc5 Nf3+ 37.Kh1 Nxe1
38.Rxe1 Qxd5+ 39.Ne4 Rf2 40.Kg1 Qf5 41.Qd3 Bc5 42.Nxc5 Qxc5 43.Qd7+ Kh6 44.Qh3+
Kg7 45.Qd7+ Rf7 46.Qc6 Qd4 47.Rd1 Qb2 48.Qc4 Ne6 49.Qd3 Qe5 1-0

[Event "36. Schacholympiade 2004"]
[Site "Calvia, Mallorca (Spanien)"]
[Date "2004.10.26"]
[Round "11"]
[Board "2"]
[White "Nill, Jessica"]
[Black "Prudnikova, Svetlana"]
[Result "1/2-1/2"]
[WhiteElo "2256"]
[BlackElo "2402"]
[PlyCount "160"]
[EventDate "2004.10.15"]

1.d4 Nf6 2.c4 e6 3.Nc3 Bb4 4.e3 Bxc3+ 5.bxc3 d6 6.Bd3 c5 7.Ne2 Nc6 8.O-O e5
9.Ng3 O-O 10.d5 Na5 11.f4 exf4 12.exf4 b6 13.f5 h6 14.Rf4 Ba6 15.Be3 Re8 16.Bf2
Re5 17.Qf3 Qf8 18.Nf1 Rae8 19.Bg3 Qe7 20.Bh4 Bc8 21.Rd1 Bd7 22.h3 b5 23.cxb5 c4
24.Bb1 Bxb5 25.Rd2 Nb7 26.a4 Ba6 27.Ba2 Na5 28.Rb2 Qd8 29.Qf2 Rxd5 30.Qxa7 Qa8
31.Qxa8 Rxa8 32.Bxf6 gxf6 33.Ne3 Rc5 34.Rd4 Rd8 35.Rb6 Rc6 36.Rxc6 Nxc6 37.Rg4+
Kf8 38.Bxc4 Bxc4 39.Rxc4 Ne5 40.Rc7 Ra8 41.Nc4 Nxc4 42.Rxc4 d5 43.Rc5 Rxa4
44.Rxd5 Ra2 45.c4 h5 46.Kh2 Ra3 47.Kg1 Ra2 48.Kh2 Ra3 49.Rb5 Rc3 50.Rc5 h4
51.Rc7 Kg7 52.Kg1 Rc2 53.Kh2 Rc3 54.Kg1 Rc2 55.c5 Kh6 56.Rxf7 Kg5 57.Rg7+ Kxf5
58.Rg4 Rxc5 59.Rxh4 Rc2 60.Ra4 Kg5 61.Rg4+ Kf5 62.Rb4 Kg5 63.Kh2 f5 64.h4+ Kh5
65.Kh3 Rc3+ 66.g3 Rf3 67.Kg2 Rc3 68.Rf4 Kg6 69.Rf3 Rc2+ 70.Rf2 Rc3 71.Rb2 Ra3
72.Rb8 Rc3 73.Rg8+ Kf7 74.Rg5 Kf6 75.Kf2 Ra3 76.Rg8 Kf7 77.Rd8 Ke7 78.Rd2 Kf6
79.Re2 f4 80.gxf4 Rh3 1/2-1/2

[Event "36. Schacholympiade 2004"]
[Site "Calvia, Mallorca (Spanien)"]
[Date "2004.10.26"]
[Round "11"]
[Board "3"]
[White "Benderac, Ana"]
[Black "Mietzner, Tina"]
[Result "1-0"]
[WhiteElo "2299"]
[BlackElo "2235"]
[PlyCount "119"]
[EventDate "2004.10.15"]

1.d4 d5 2.c4 e6 3.e3 Nf6 4.Nf3 c6 5.Bd3 Nbd7 6.b3 Bd6 7.Bb2 O-O 8.O-O Ne4 9.Nbd2
f5 10.Ne5 Qf6 11.f4 Qe7 12.Nxd7 Bxd7 13.c5 Bc7 14.Nf3 Be8 15.Qc2 Rf6 16.b4 Bh5
17.Bxe4 fxe4 18.Ne5 Bxe5 19.dxe5 Rg6 20.Kh1 Rh6 21.Bc3 Bg4 22.Be1 Rf8 23.Kg1 Rg6
24.a4 h5 25.b5 h4 26.bxc6 bxc6 27.Rb1 h3 28.g3 Rh6 29.a5 Rh8 30.a6 Ra8 31.Ba5
Kh7 32.Rb7 Qe8 33.f5 exf5 34.Bc3 Qe6 35.Rfb1 Rhc8 36.Qf2 Bh5 37.Bd4 Bf3 38.Qf1
Bg4 39.R1b2 Kh6 40.Qf4+ g5 41.Qf1 Kg6 42.Kf2 Bf3 43.Ke1 Bg2 44.Qf2 Bf3 45.Kd2
Bg2 46.Qe1 Bf3 47.Kc3 Bg4 48.Kb4 Rcb8 49.Ka3 Rc8 50.Qa5 Bd1 51.Rc7 Rxc7 52.Qxc7
Qc8 53.Qb7 Kh5 54.e6 Kg4 55.e7 Kf3 56.Be5 Qe8 57.Qxa8 Qxe7 58.Bd4 Qc7 59.Bc3 Qe7
60.Qxc6 1-0

[Event "36. Schacholympiade 2004"]
[Site "Calvia, Mallorca (Spanien)"]
[Date "2004.10.26"]
[Round "11"]
[Board "1"]
[White "Lematschko, Tatjana"]
[Black "Lagvilava, Genrieta"]
[Result "1/2-1/2"]
[WhiteElo "2267"]
[BlackElo "2299"]
[PlyCount "123"]
[EventDate "2004.10.15"]

1.d4 f5 2.Bg5 g6 3.e3 Bg7 4.Bc4 d5 5.Bb5+ c6 6.Ba4 Be6 7.c3 Nd7 8.h4 Ngf6 9.Bf4
Bf7 10.Nf3 Ne4 11.h5 Rg8 12.hxg6 hxg6 13.Ng5 Nxg5 14.Bxg5 Nf6 15.Nd2 Qb6 16.Bb3
O-O-O 17.Qe2 Rde8 18.O-O-O e5 19.Nf3 exd4 20.cxd4 Ne4 21.Kb1 Rh8 22.Bf4 Qb4
23.Qc2 Be6 24.Rxh8 Rxh8 25.Ne5 Bxe5 26.Bxe5 Rf8 27.f3 Nf6 28.Rh1 Qe7 29.Qf2 Nh5
30.Qh4 Kd7 31.Bc2 Qxh4 32.Rxh4 Ke7 33.Kc1 Bd7 34.Kd2 b6 35.Ke1 c5 36.g4 fxg4
37.Bxg6 gxf3 38.Kf2 Nf6 39.Kxf3 c4 40.Rf4 b5 41.a3 a5 42.Ke2 b4 43.axb4 axb4
44.Kd2 Bc8 45.Kc1 Nd7 46.Rxf8 Nxf8 47.Bh5 Bf5 48.Bg3 Nd7 49.Be1 b3 50.Bc3 Kd6
51.Kd2 Nf6 52.Bf3 Nd7 53.Bh5 Nb6 54.Be8 Bd7 55.Bg6 Kc6 56.Kc1 Na4 57.Be1 Kb5
58.e4 dxe4 59.Bxe4 Bc6 60.Bg6 Nb6 61.Bc3 Nd5 62.Kd2 1/2-1/2

[Event "36. Schacholympiade 2004"]
[Site "Calvia, Mallorca (Spanien)"]
[Date "2004.10.27"]
[Round "12"]
[White "Navara, David"]
[Black "Korchnoi, Viktor"]
[Result "1/2-1/2"]
[WhiteElo "2620"]
[BlackElo "2601"]
[PlyCount "154"]
[EventDate "2004.10.15"]

1. e4 e6 2. d4 d5 3. Nd2 c5 4. Ngf3 Nf6 5. e5 Nfd7 6. c3 Nc6 7. Bd3 a5 8. O-O
Be7 9. Re1 c4 10. Bc2 b5 11. Nf1 Nb6 12. N3d2 h5 13. f4 b4 14. Qf3 g6 15. g3 a4
16. a3 bxa3 17. bxa3 Na5 18. h3 Nb3 19. Ra2 Rb8 20. g4 hxg4 21. hxg4 Na8 22.
Nb1 Nc7 23. Ng3 Nb5 24. Be3 Kd7 25. f5 gxf5 26. gxf5 Bh4 27. f6 Rg8 28. Bf4 Kc6
29. Kg2 Rh8 30. Rh1 Qg8 31. Rh3 Bd7 32. Be3 Kc7 33. Qf4 Bxg3 34. Rxg3 Qf8 35.
Rg7 Kb6 36. Bd1 Ka6 37. Qg5 Be8 38. Bc2 Bc6 39. Bh7 Nc7 40. Qh5 Be8 41. Rb2 Nb5
42. Bh6 {#} Nxa3 43. Rg5 Rxh7 44. Bxf8 Rxh5 45. Rxh5 Nb5 46. Bd6 Nxd6 47. exd6
Kb5 48. Rh8 Kc6 49. Ra2 Ra8 50. Na3 Kxd6 51. Kf3 Nc1 52. Rb2 Kc7 53. Rg2 Rb8
54. Rgg8 Kd7 55. Rf8 Rd8 56. Ke3 Nd3 57. Nb5 e5 58. Nd6 exd4+ 59. Kxd4 Kxd6 60.
Rxe8 Rxe8 61. Rxe8 Nf4 62. Re7 a3 63. Rxf7 Ne6+ 64. Ke3 Ke5 65. Ra7 Kxf6 66.
Rxa3 Ke5 67. Ra7 Ng5 68. Re7+ Ne6 69. Rh7 Kd6 70. Rh5 Kc6 71. Rh1 Kd6 72. Re1
Ke5 73. Kf3+ Kf5 74. Rd1 {(=)} Ke5 75. Re1+ Kf5 76. Rh1 d4 77. cxd4 Nxd4+
1/2-1/2

[Event "36. Schacholympiade 2004"]
[Site "Calvia, Mallorca (Spanien)"]
[Date "2004.10.27"]
[Round "12"]
[White "Pelletier, Yannick"]
[Black "Hracek, Zbynek"]
[Result "1/2-1/2"]
[WhiteElo "2589"]
[BlackElo "2595"]
[PlyCount "126"]
[EventDate "2004.10.15"]

1. e4 e5 2. Nf3 Nc6 3. Bb5 a6 4. Ba4 Nf6 5. O-O Nxe4 6. d4 b5 7. Bb3 d5 8. dxe5
Be6 9. Be3 Bc5 10. Qd3 O-O 11. Nbd2 Bxe3 12. Qxe3 Nxd2 13. Qxd2 Ne7 14. Qb4 c6
15. Qc5 a5 16. a4 b4 17. c3 bxc3 18. bxc3 Qc7 19. Nd4 Qa7 20. Qa3 Nf5 21. Rfd1
Rac8 22. Rac1 g6 23. Ba2 Qc7 24. f4 Qa7 25. Kh1 Rfd8 26. Bb1 Qe7 27. Qa2 Ng7
28. Re1 Qh4 29. g3 Qe7 30. Qf2 c5 31. Nb5 Qd7 32. Kg1 Ne8 33. Rcd1 Qe7 34. Rd2
Rd7 35. Qf3 Rcd8 36. Bd3 h5 37. f5 Bxf5 38. Bxf5 gxf5 39. Qxh5 Qe6 40. Qg5+ Qg6
41. Qe3 Rc8 42. Rf2 Re7 43. Qd3 Rd8 44. Qxf5 Qxf5 45. Rxf5 d4 46. cxd4 cxd4 47.
Rf4 d3 48. Kf2 d2 49. Rd1 Rxe5 50. Rd4 Rxd4 51. Nxd4 Nd6 52. Nf3 Rd5 53. Ke3
Nc4+ 54. Ke2 Nb2 55. Rxd2 Nxa4 {(=)} 56. Rxd5 Nc3+ 57. Kd3 Nxd5 58. Kc4 Ne3+
59. Kb5 Kg7 60. Kxa5 Kg6 61. Kb4 Kf5 62. Kc3 Kg4 63. Ne5+ Kh3 1/2-1/2

[Event "36. Schacholympiade 2004"]
[Site "Calvia, Mallorca (Spanien)"]
[Date "2004.10.27"]
[Round "12"]
[White "Oral, Tomas"]
[Black "Jenni, Florian"]
[Result "1/2-1/2"]
[WhiteElo "2565"]
[BlackElo "2503"]
[PlyCount "129"]
[EventDate "2004.10.15"]

1. e4 e5 2. Nf3 Nc6 3. Bb5 a6 4. Bxc6 dxc6 5. O-O f6 6. d4 exd4 7. Nxd4 c5 8.
Ne2 Qxd1 9. Rxd1 Bd7 10. Be3 O-O-O 11. Nbc3 Re8 12. Rd2 Bc6 13. Rad1 b6 14. Nf4
Nh6 15. Nfd5 Ng4 16. Bf4 Ne5 17. b3 Kb7 18. Ne3 h5 19. h3 g6 20. Ncd5 Bg7 21.
Re2 Rhf8 22. Rde1 Bb5 23. c4 Bd7 24. Rd1 Bc8 25. Bg3 Rf7 26. f4 Nc6 27. Nc2 g5
28. Rf1 g4 29. f5 gxh3 30. gxh3 Nd4 31. Nxd4 cxd4 32. Kf2 Bh6 33. Kf3 c6 34.
Nf4 h4 35. Bxh4 Bxf4 36. Kxf4 Rh8 37. Bf2 c5 38. h4 Rg7 39. Ree1 Bd7 40. Rg1
Rf7 41. Rg6 Bc6 42. e5 fxe5+ 43. Rxe5 Rhf8 44. Kg5 Be4 45. Rxe4 Rxf5+ 46. Kh6
Rxf2 47. Re7+ Kc8 48. Rxb6 Rh8+ 49. Rh7 Rxh7+ 50. Kxh7 Kc7 51. Rxa6 d3 52. Rg6
Rh2 53. Rg7+ Kb6 54. Rg1 Rxh4+ 55. Kg6 Ka5 56. Rd1 Rd4 57. a3 d2 58. Kf5 Kb6
59. Ke5 Kc6 60. b4 Kb6 61. a4 Kc6 62. a5 Rxc4 63. bxc5 Rxc5+ 64. Ke4 Rxa5 65.
Rxd2 1/2-1/2

[Event "36. Schacholympiade 2004"]
[Site "Calvia, Mallorca (Spanien)"]
[Date "2004.10.27"]
[Round "12"]
[White "Papa, Severin"]
[Black "Stocek, Jiri"]
[Result "1/2-1/2"]
[WhiteElo "2411"]
[BlackElo "2569"]
[PlyCount "58"]
[EventDate "2004.10.15"]

1. d4 Nf6 2. c4 e6 3. Nc3 Bb4 4. e3 b6 5. Nge2 Ba6 6. a3 Bxc3+ 7. Nxc3 d5 8.
Qf3 O-O 9. g4 c6 10. b3 Nbd7 11. g5 Ne8 12. cxd5 Bxf1 13. dxc6 Ba6 14. cxd7 Nd6
15. Qf4 Qxd7 16. Rg1 Rac8 17. Bb2 {#} Rxc3 18. Bxc3 Rc8 19. Bd2 Qb5 20. Qf3 Ne4
21. Rc1 Rxc1+ 22. Bxc1 g6 23. h4 Qxb3 24. Qd1 Qc3+ 25. Bd2 Nxd2 26. Qxd2 Qa1+
27. Qd1 Qc3+ 28. Qd2 Qa1+ 29. Qd1 Qc3+ 1/2-1/2

[Event "36. Schacholympiade 2004"]
[Site "Calvia, Mallorca (Spanien)"]
[Date "2004.10.27"]
[Round "12"]
[White "Sadvakasov, Darmen"]
[Black "Graf, Alexander"]
[Result "1/2-1/2"]
[WhiteElo "2631"]
[BlackElo "2646"]
[PlyCount "69"]
[EventDate "2004.10.15"]

1. e4 c6 2. d4 d5 3. Nd2 dxe4 4. Nxe4 Bf5 5. Ng3 Bg6 6. h4 h6 7. Nf3 Nd7 8. h5
Bh7 9. Bd3 Bxd3 10. Qxd3 e6 11. Bf4 Qa5+ 12. Bd2 Bb4 13. c3 Be7 14. O-O Ngf6
15. c4 Qc7 16. Qe2 O-O 17. Ne5 Rad8 18. Ng6 Rfe8 19. Nxe7+ Rxe7 20. Rad1 Ree8
21. Rfe1 b5 22. c5 e5 23. Qf3 exd4 24. Nf5 Nxc5 25. Bf4 Qa5 26. Ne7+ Kf8 {#}
27. Bxh6 Rxe7 28. Bxg7+ Kxg7 29. Rxe7 Rd5 30. h6+ Kg6 31. h7 Qd8 32. Rde1 d3
33. R1e5 Rxe5 34. Rxe5 d2 35. Qg3+ 1/2-1/2

[Event "36. Schacholympiade 2004"]
[Site "Calvia, Mallorca (Spanien)"]
[Date "2004.10.27"]
[Round "12"]
[White "Dautov, Rustem"]
[Black "Ibraev, Nurlan"]
[Result "1/2-1/2"]
[WhiteElo "2623"]
[BlackElo "2476"]
[PlyCount "76"]
[EventDate "2004.10.15"]

1. d4 Nf6 2. c4 e6 3. Nf3 b6 4. g3 Ba6 5. Qb3 Nc6 6. Nbd2 Na5 7. Qc3 c5 8. dxc5
bxc5 9. e4 Bb7 10. e5 Ne4 11. Nxe4 Bxe4 12. Bg2 Be7 13. O-O O-O 14. Bd2 Nc6 15.
Qe3 Bg6 16. Bc3 Qb6 17. Rfd1 Rad8 18. Rd2 a5 19. Rad1 Qa7 20. a3 a4 21. h3 h6
22. Nh2 Nd4 23. Bxd4 cxd4 24. Qxd4 Bc5 25. Qg4 Bf5 26. Qe2 f6 27. Nf1 Bg6 28.
exf6 Rxf6 29. Ne3 {#} Rxf2 30. Kxf2 Rf8+ 31. Kg1 Bxe3+ 32. Kh2 Rf2 33. Qe1 Bxd2
34. Rxd2 Rxd2 35. Qxd2 Qc5 36. Qxd7 Qxc4 37. Qd2 Kh7 38. Qe3 h5 1/2-1/2

[Event "36. Schacholympiade 2004"]
[Site "Calvia, Mallorca (Spanien)"]
[Date "2004.10.27"]
[Round "12"]
[White "Gustafsson, Jan"]
[Black "Kuderinov, Kirill"]
[Result "1-0"]
[WhiteElo "2603"]
[BlackElo "2323"]
[PlyCount "99"]
[EventDate "2004.10.15"]

1. Nf3 c5 2. c4 Nf6 3. Nc3 g6 4. d4 cxd4 5. Nxd4 Bg7 6. e4 d6 7. Be2 O-O 8. O-O
Nc6 9. Nc2 Bd7 10. Bd2 a6 11. Rc1 Na7 12. a4 Qb8 13. Na3 Nc6 14. Kh1 Nd4 15.
Bd3 b6 16. f3 Qb7 17. Be3 e5 18. Nc2 Nh5 19. Bg1 Nb3 20. Rb1 Nf4 21. Nb4 Nd4
22. Nbd5 Nxd5 23. Nxd5 Bc6 24. Nc3 Rac8 25. b3 Kh8 26. Ne2 Ne6 27. Bc2 Rcd8 28.
b4 b5 29. cxb5 axb5 30. Nc3 Nc7 31. Qe2 d5 32. exd5 Nxd5 33. Nxd5 Bxd5 34. axb5
f5 35. b6 e4 36. fxe4 fxe4 37. Rxf8+ Rxf8 38. Bb3 Bxb3 39. Rxb3 Qd5 40. Rb1 Bh6
41. Rd1 Qe6 42. Bc5 Re8 43. Bd6 Bf8 44. Bc7 Qf7 45. Qe3 h5 46. h3 Kh7 47. Qf4
Qxf4 48. Bxf4 e3 49. b7 Bxb4 50. Bxe3 1-0

[Event "36. Schacholympiade 2004"]
[Site "Calvia, Mallorca (Spanien)"]
[Date "2004.10.27"]
[Round "12"]
[White "Kachiani-G, Ketino"]
[Black "Mongontuul, Bathuyag"]
[Result "1-0"]
[WhiteElo "2441"]
[BlackElo "2345"]
[PlyCount "89"]
[EventDate "2004.10.15"]

1. d4 Nf6 2. c4 c5 3. d5 b5 4. Nf3 Bb7 5. a4 Qa5+ 6. Bd2 b4 7. Qc2 d6 8. e4
Nbd7 9. h3 h6 10. Bd3 g5 11. Be3 Bg7 12. Nbd2 Nh5 13. g3 Ba6 14. Nb3 Qc7 15.
Be2 O-O-O 16. a5 Nhf6 17. O-O-O Kb8 18. Nh2 Rhe8 19. h4 gxh4 20. gxh4 h5 21.
Rhg1 Bh8 22. f4 Bb7 23. Bf2 Rg8 24. Rg5 Bg7 25. Bxh5 Nxh5 26. Rxh5 Nf6 27. Rg5
Bh6 28. Be3 Bxg5 29. hxg5 Nh5 30. Ng4 f6 31. Nh6 Rg7 32. Rh1 Nxf4 33. Bxf4 fxg5
34. Nf5 Rgg8 35. Bg3 Bc8 36. e5 Rgf8 37. e6 Rh8 38. Re1 Rdf8 39. Nxd6 exd6 40.
e7 Rfg8 41. Qf2 Rg6 42. e8=Q Rxe8 43. Rxe8 Kb7 44. Qf8 Bd7 45. Re7 1-0

[Event "36. Schacholympiade 2004"]
[Site "Calvia, Mallorca (Spanien)"]
[Date "2004.10.27"]
[Round "12"]
[White "Anhchimeg, Bayanmonh"]
[Black "Paehtz, Elisabeth"]
[Result "0-1"]
[WhiteElo "2235"]
[BlackElo "2398"]
[PlyCount "104"]
[EventDate "2004.10.15"]

1. e4 c5 2. Nf3 d6 3. d4 cxd4 4. Nxd4 Nf6 5. Nc3 a6 6. Be3 e5 7. Nb3 Be6 8. f3
Be7 9. Qd2 Nbd7 10. g4 Rc8 11. O-O-O b5 12. g5 Nh5 13. Kb1 Nb6 14. Qf2 Nc4 15.
Bxc4 Rxc4 16. h4 Rxc3 17. bxc3 Qc7 18. Bb6 Qb8 19. Ba5 h6 20. gxh6 Rxh6 21. Qb6
Qxb6 22. Bxb6 Ng3 23. Rh2 f5 24. Bf2 f4 25. Rg2 Bh3 26. Rh2 Bd7 27. Rg1 Bxh4
28. Nd2 Kf7 29. Nf1 Ne2 30. Rgg2 Nxc3+ 31. Kb2 Nd1+ 32. Ka3 Bxf2 33. Rxf2 Nxf2
34. Rxf2 Be6 35. c3 a5 36. Nd2 Rh3 37. Kb2 g5 38. a3 Kf6 39. Kc2 Rh1 40. Rg2
Ra1 41. Rh2 Ra2+ 42. Kd1 Rxa3 43. Rh6+ Kf7 44. Kc2 b4 45. cxb4 axb4 46. Rh7+
Kg6 47. Rb7 Rc3+ 48. Kd1 g4 49. fxg4 Bxg4+ 50. Ke1 Re3+ 51. Kf1 Re2 52. Nc4 f3
0-1

[Event "36. Schacholympiade 2004"]
[Site "Calvia, Mallorca (Spanien)"]
[Date "2004.10.27"]
[Round "12"]
[White "Nill, Jessica"]
[Black "Enhjargal, Enhbaatar"]
[Result "1-0"]
[WhiteElo "2256"]
[BlackElo "2163"]
[PlyCount "143"]
[EventDate "2004.10.15"]

1. d4 d5 2. c4 c6 3. Nc3 Nf6 4. Nf3 e6 5. Bg5 Be7 6. e3 Nbd7 7. Qc2 O-O 8. a3
dxc4 9. Bxc4 Nd5 10. Bxe7 Qxe7 11. O-O Nxc3 12. Qxc3 b6 13. Rad1 Bb7 14. e4
Rfd8 15. Rfe1 Qf6 16. e5 Qe7 17. Qe3 Rac8 18. Ba2 Nf8 19. b4 c5 20. dxc5 Rxd1
21. Rxd1 bxc5 22. b5 Bxf3 23. Qxf3 Rd8 24. g3 Rxd1+ 25. Qxd1 Qd7 26. Qxd7 Nxd7
27. f4 Kf8 28. Kf2 Ke7 29. Ke3 Nb6 30. Kd3 Kd7 31. Bb3 g6 32. a4 c4+ 33. Bxc4
Nxa4 34. Kd4 Kc7 35. Bb3 Nb6 36. g4 Kd7 37. f5 gxf5 38. gxf5 Ke7 39. f6+ Kd7
40. Bc2 h6 41. Be4 Na4 42. Bf3 Kd8 43. Bh5 Ke8 44. Kc4 Nb2+ 45. Kc3 Na4+ 46.
Kb4 Nb6 47. Kc5 Kf8 48. Be2 Ke8 49. Bf3 Kd8 50. Bh5 Ke8 51. Kc6 Nc4 52. Kb7
Nxe5 53. Kxa7 Kd7 54. b6 Nc6+ 55. Ka6 Nd8 56. Bxf7 e5 57. Bd5 e4 58. f7 Ke7 59.
Bxe4 Kxf7 60. Kb5 Ke6 61. Kc5 Ke7 62. Bf5 Nb7+ 63. Kc6 Nd6 64. Bd3 Nf7 65. Kc7
Nd6 66. Kc6 Nf7 67. Kd5 Kd7 68. Bf5+ Kd8 69. h4 h5 70. Be6 Nh8 71. Kd6 Ng6 72.
b7 1-0